000 00670nam a2200241Ia 4500
005 20260121112808.0
008 8865 260114s9999 xx 000 0 eng d
020 _a9789812777201
037 _aEBOOK
040 _aCRL
_beng
_cCRL
041 _aeng
_2eng
084 _qCRL
100 _aBemelmans J Et Al
_9963353
245 0 _aElliptic and Parabolic Problems, Proceedings of the 4Th European Conference
260 _bWorld Scientific
260 _bWSPC
260 _c2002
650 _aMathematics
_9963354
856 _uhttps://www.worldscientific.com/worldscibooks/10.1142/5004#t=toc
942 _cEBOOK
999 _c1546165
_d1546165